000 01405nam a22002537a 4500
003 SEM
005 20220608073647.0
008 170420b xxu||||| |||| 00| 0 arm
040 _aՍԷՄ
_cՍԷՄ
041 0 _aarm.
245 0 0 _aՄկրտիչ Սէրթշիմշէք:
_bԾառայութեան 55 տարիներ:/
_cՀրատ. պատ.` Յ. աբղ. Տամատեան և ուրիշ.
246 _a[Մկրտիչ Սերթշիմշեք].
_b[Ծառայության 55 տարիներ]:
260 _aՍտամբուլ:
_bԱ. հ.,
_c[2016].
300 _a306 էջ;
_bնկ.;
_c30 սմ.
600 1 0 _aՍէրթշիմշէք Մկրտիչ
_q(Սերթշիմշեք Մկրտիչ)
650 _aՀայ քանդակագործներ
_xկենսագրություն
650 _aՈսկերչություն
_vԵկեղեցական իրեր, պարագաներ
650 _aԱրծաթագործություն
_vԵկեղեցական իրեր, պարագաներ
700 1 _aՏամատեան Յարութիւն
_4հրատ. պատ.
_cաբղ.
_ecomp.
_q(Տամատյան Հարություն)
700 1 _aՏամատեան Գրիգոր
_4հրատ. պատ.
_cավ. քհն.
_ecomp.
_q(Տամատյան Գրիգոր)
700 1 _aՍերոբեան Վաղարշակ
_4հրատ. պատ.
_cսրկ.
_ecomp.
_q(Սերոբյան Վաղարշակ)
700 1 _aՄաթ Թէոման
_4հրատ. պատ.
_ecomp.
_q(Մաթ Թեոման)
942 _2udc
_cBK
999 _c66331
_d66331